Giông tố tác phẩm và dư luận
Gardado en:
| Autor Principal: | |
|---|---|
| Formato: | Libro |
| Idioma: | Undetermined |
| Publicado: |
Hà Nội
Văn Học
2001
|
| Những chủ đề: | |
| Các nhãn: |
Engadir etiqueta
Sen Etiquetas, Sexa o primeiro en etiquetar este rexistro!
|
| Thư viện lưu trữ: | Trung tâm Học liệu Trường Đại học Cần Thơ |
|---|
| LEADER | 00528nam a2200169Ia 4500 | ||
|---|---|---|---|
| 001 | CTU_46591 | ||
| 008 | 210402s9999 xx 000 0 und d | ||
| 082 | |a 895.922308 | ||
| 082 | |b Ph513 | ||
| 100 | |a VŨ TRỌNG PHỤNG | ||
| 245 | 0 | |a Giông tố tác phẩm và dư luận | |
| 245 | 0 | |c VŨ TRỌNG PHỤNG | |
| 260 | |a Hà Nội | ||
| 260 | |b Văn Học | ||
| 260 | |c 2001 | ||
| 650 | |a vietnamese literaturre - 20th century - history and criticism | ||
| 980 | |a Trung tâm Học liệu Trường Đại học Cần Thơ | ||